BRS Physiology : (Record no. 37130)

MARC details
000 -LEADER
fixed length control field 00442nam a22001817a 4500
005 - DATE AND TIME OF LATEST TRANSACTION
control field 20260427154629.0
008 - FIXED-LENGTH DATA ELEMENTS--GENERAL INFORMATION
fixed length control field 260422b |||||||| |||| 00| 0 eng d
020 ## - INTERNATIONAL STANDARD BOOK NUMBER
ISBN 9780135188996
082 ## - DEWEY DECIMAL CLASSIFICATION NUMBER
Classification number 612
Item number COS-B
100 ## - MAIN ENTRY--AUTHOR
Author Name Costanzo Linda S.
245 ## - TITLE STATEMENT
Title BRS Physiology :
250 ## - EDITION STATEMENT
Edition statement 7th.ed
260 ## - PUBLICATION, DISTRIBUTION, ETC.
Place of Publication China:
Name of publisher, distributor, etc. wolter Kluwer:
Date of publication, distribution, etc. 2019.
300 ## - PHYSICAL DESCRIPTION
Pages 325p.
500 ## - GENERAL NOTE
General note include index.
650 ## - SUBJECT ADDED ENTRY--TOPICAL TERM
Subject / Department Medical / Physiology
952 ## - LOCATION AND ITEM INFORMATION (KOHA)
-- 0
-- 0
952 ## - LOCATION AND ITEM INFORMATION (KOHA)
-- 0
-- 0
Holdings
Lost status Damaged status Collection code Permanent Location Current Location Shelving Location Date acquired Full Call Number Accession No./Barcode Date last seen Copy number item type Koha item type
    Medical Superior Information Resource Center (SIRC) Superior University- Main Campus Superior Information Resource Center (SIRC) Superior University- Main Campus Physiology 04/22/2026 612 COS-B 2019 29821 04/22/2026 1 BOOK BOOK
    Medical Superior Information Resource Center (SIRC) Superior University- Main Campus Superior Information Resource Center (SIRC) Superior University- Main Campus Physiology 04/22/2026 612 COS-B 2019 29822 04/22/2026 2 BOOK BOOK

Powered by Koha